000 00619nam a22001937a 4500
005 20170905162610.0
010 _aENG-120228
020 _a9788189430672
_c150.00
035 _aEN-103760
037 _bDBAD/PUB
082 _a220.35
100 _aKriyananda
245 _aInstitution for starters :
_cby J.Donald Walters ; edited by Devi Novak
_bhow to know and trust your inner guidance /
260 _aGurgaon
_bAnand Sanga Publication
_c2013
270 _aB-10/8 DLF City Phase I
_bGurgaon
_e122002
300 _a136p.
_c17cm.(pbk)
700 _aNovak,Devi
942 _2ddc
_cEN
_h220.35
_mWAL
999 _c144067
_d144067